La IIIe Republique : métropole et colonies - Statistiques

Statistiques générales
  • Ce quiz a été pris 162 fois
  • Le résultat moyen est 8 sur 16
Statistiques - réponses
Indice Réponse % Correct
Quel nom donne-t-on à un territoire conquis et dominé par une puissance étrangère ? Une colonie
98%
Comment appelle-t-on une personne originaire d'un pays colonisé ? Un indigène
75%
Comment s'appelle l'homme en faveur de la relance de la politique coloniale française en 1885 ? (Prénom et Nom) Jules Ferry
70%
Quel est la conférence qui se tient du 15 novembre 1884 au 26 février 1885, qui réunit les principales puissances colonialistes européennes ? La conférence de Berlin
67%
Quel nom spécifique donne-t-on aux colons européens installés en Algérie ? Les pieds-noirs
64%
Comment appelle-t-on la puissance qui dirige une colonie ? La métropole
60%
Comment appelle-t-on un Etat ayant renoncé à une partie de sa souveraineté au profit d'une puissance étrangère plus forte ? Un protectorat
57%
Comment appelle-t-on un religieux chargé de la diffusion de la religion chrétienne ? Un missionnaire
55%
Comment s'appelle son adversaire politique qui s'oppose à la colonisation ? (Prénom et nom) Georges Clémenceau
53%
Quelle crise oppose les Français et Britanniques en 1898 au Soudan ? La crise de Fachoda
44%
Comment s'appelle le régime de soumission imposé aux colonisés, qui est généralisé à toutes les colonies françaises en 1887 ? Le code de l'indigénat
37%
Quel nom donne-t-on aux territoires peuplés de colons venus de métropole ou d'autres pays (généralement européens) ? Une colonie de peuplement
36%
Comment appelle-t-on la politique qui consiste à vouloir rendre les indigènes semblables aux habitants de la métropole sur le plan culturel ? L'assimilation
32%
Contre quelle pratique la France cherche-t-elle à lutter dans les colonies ? L'esclavage
30%
Quel est le nom de la théorie qui formule l'idée que les européens doivent lutter contre la "sauvagerie" des populations non européennes ? La mission civilisatrice
25%
Quel nom utilise-t-on pour désigner la politique de colonisation massive de l'Afrique à partir de la fin du XIXe siècle ? La course au clocher
7%
Aucun quiz correspondant
Distribution des résultats
% des personnes avec chaque résultat
Percentile par nombre de réponses
Votre historique - résultats
Vous n’avez pas pris ce quiz